000 00254pab a2200109 454500
008 180718b xxu||||| |||| 00| 0 eng d
100 _aRai, Lajpat
245 _aReflections on Soviet events
650 _aUSSR - Politics
773 _aMainstream
909 _a2822
999 _c2822
_d2822